01277nam a2200205 a 450000100100000000500170001000800410002704000250006808200210009324500240011425000110013826000640014930000200021350400270023350504460026059000260070695201970073295201250092999900170105400004612820201002052645.0110427s2012 dr r 000 0 spa d aDO-SdBNPbspacBNPHU axxxxbM953, 201200aMujeres de febrero. a7a ed. aSanto Domingo :bSecretaría de Estado de la Mujer,c2012. a22 p. ;c21 cm. aBibliografía : p. 221 aPresentación -- Frebrero el mes de la patria -- María Baltasara de los Reyes -- Josefa Antonia Pérez de la Paz (Chepita) -- Ana Valverde -- María Trinidad Sánchez -- Juana Saltitopa -- Concepción Bona -- Manuela Diez y Jiménez -- Rosa Duarte -- María de las Angustias Villa -- Filomena Gómez de Cova -- Rosa Montás de Duvergé -- Froilana Febles -- María de Jesús Pina -- Rosa Bastardo de Guillermo -- Bibliografía aInventariado, 2019/BT 0010718PDaPDbPDcHDd2015-06-24iLF1l0oxxxx M953, 2012p46128-10r2020-06-25w2020-06-25yLFPDzPerteneció a la biblioteca personal de Chiqui Vicioso / Fidelio Despradel.ZNo se presta 0010718PDaPDbPDcHDd2018-12-11iLF1l0oxxxx M953, 2012p46128-20r2020-06-25te. 2w2020-06-25yLFPDZNo se presta c45617d45617